Ash road / (Record no. 8814)

MARC details
000 -LEADER
fixed length control field 00760nam a22002417a 4500
001 - CONTROL NUMBER
control field 8814
003 - CONTROL NUMBER IDENTIFIER
control field FISKH
005 - DATE AND TIME OF LATEST TRANSACTION
control field 20251021160953.0
008 - FIXED-LENGTH DATA ELEMENTS--GENERAL INFORMATION
fixed length control field 251021b cb ||||| |||| 00| 0 eng d
020 ## - INTERNATIONAL STANDARD BOOK NUMBER
International Standard Book Number 043512160X
040 ## - CATALOGING SOURCE
Original cataloging agency FISKH
Language of cataloging eng
Transcribing agency FISKH
Modifying agency FISKH
050 ## - LIBRARY OF CONGRESS CALL NUMBER
Classification number PZ7.S726 A
082 ## - DEWEY DECIMAL CLASSIFICATION NUMBER
Classification number 823
100 ## - MAIN ENTRY--PERSONAL NAME
Personal name Southall, Ivan
245 ## - TITLE STATEMENT
Title Ash road /
Statement of responsibility, etc. By Ivan Southall
260 ## - PUBLICATION, DISTRIBUTION, ETC.
Place of publication, distribution, etc. London :
Name of publisher, distributor, etc. Heinemann Educational Books ,
Date of publication, distribution, etc. 1965.
300 ## - PHYSICAL DESCRIPTION
Extent 171 pages :
Other physical details color illustrations ;
Dimensions 19 cm .
520 ## - SUMMARY, ETC.
Summary, etc. A raging fire spreading in the Australian bush cuts off the escape of the children and two old men entrusted to their care.<br/>
650 ## - SUBJECT ADDED ENTRY--TOPICAL TERM
Topical term or geographic name entry element Bushfire
Form subdivision Fiction
700 ## - ADDED ENTRY--PERSONAL NAME
Personal name Seale, Clem
Relator term Illustrator
942 ## - ADDED ENTRY ELEMENTS (KOHA)
Source of classification or shelving scheme Dewey Decimal Classification
Koha item type Books
Suppress in OPAC No
Holdings
Withdrawn status Lost status Source of classification or shelving scheme Damaged status Not for loan Collection Home library Current library Shelving location Date acquired Total Checkouts Full call number Barcode Date last seen Price effective from Koha item type
    Dewey Decimal Classification     Fiction Footprints International School Library Network Toul Tom Poung Campus Footprints International School Library Network Toul Tom Poung Campus TTP Secondary Fiction Bookshelves 10/21/2025   SOU 823 PZ7.S726 A FIS00375 10/21/2025 10/21/2025 Books